Thiết kế tàu thủy

Uloženo v:
Podrobná bibliografie
Hlavní autor: Trần Công Nghị
Médium: Kniha
Jazyk:Undetermined
Vydáno: Tp.HCM ĐHQG 2003
Témata:
Tagy: Přidat tag
Žádné tagy, Buďte první, kdo otaguje tento záznam!
Thư viện lưu trữ: Trung tâm Học liệu Trường Đại học Cần Thơ
LEADER 00540nam a2200193Ia 4500
001 CTU_57069
008 210402s9999 xx 000 0 und d
020 |b 48000 
082 |a 623.81 
082 |b Ngh300 
100 |a Trần Công Nghị 
245 0 |a Thiết kế tàu thủy 
245 0 |c Trần Công Nghị 
260 |a Tp.HCM 
260 |b ĐHQG 
260 |c 2003 
650 |a ships,naval architecture 
650 |x equipment and supplies,designs and plans 
980 |a Trung tâm Học liệu Trường Đại học Cần Thơ